Porovnanie dvoch procedúr bayesovského testovania hypotéz

Porovnávanie dvoch procedúr bayesovského testovania hypotéz. Porovnanie na príklade testovania hypotéz o strednej hodnote. Jednostranné a obojstranné testy. Aposteriórne rozdelenie.

Salvato in:
Dettagli Bibliografici
Autore principale: Terek, Milan
Natura: Capitolo di libro
Lingua:slovacco
Soggetti:
Tags: Aggiungi Tag
Nessun Tag, puoi essere il primo ad aggiungerne!!

MARC

LEADER 00000naa$a2200000$$$4500
001 0116317
005 20240613073337.4
041 0 |a slo 
044 |a SK 
245 1 0 |a Porovnanie dvoch procedúr bayesovského testovania hypotéz  |c Milan Terek 
520 |a Porovnávanie dvoch procedúr bayesovského testovania hypotéz. Porovnanie na príklade testovania hypotéz o strednej hodnote. Jednostranné a obojstranné testy. Aposteriórne rozdelenie. 
610 2 0 |a hypotézy štatistické 
610 2 0 |a testovanie hypotéz 
610 2 0 |a metódy štatistické 
610 2 0 |a štatistika 
100 1 |a Terek, Milan